Residential sprinkler systems for fire protection (Record no. 112317)

MARC details
000 -LEADER
fixed length control field 00848cam a22002415a 4500
001 - CONTROL NUMBER
control field E153004
008 - FIXED-LENGTH DATA ELEMENTS--GENERAL INFORMATION
fixed length control field 110523s2011 xxka f 000 0 eng u
020 ## - INTERNATIONAL STANDARD BOOK NUMBER
International Standard Book Number 9781848061606
035 ## - SYSTEM CONTROL NUMBER
System control number (Sirsi) u153004
041 0# - LANGUAGE CODE
Language code of text/sound track or separate title eng
050 04 - LIBRARY OF CONGRESS CALL NUMBER
Classification number 692.21 $2 18
100 1# - MAIN ENTRY--PERSONAL NAME
Personal name Williams, Corinne
245 00 - TITLE STATEMENT
Title Residential sprinkler systems for fire protection
Remainder of title part 1, introduction
260 ## - PUBLICATION, DISTRIBUTION, ETC.
Place of publication, distribution, etc. Watford
Name of publisher, distributor, etc. IHS BRE
Date of publication, distribution, etc. 2011
300 ## - PHYSICAL DESCRIPTION
Extent 12p.
Other physical details ill.
Dimensions 30cm.
490 #0 - SERIES STATEMENT
Series statement BRE Digest
Volume/sequential designation DG 519 Part 1
520 ## - SUMMARY, ETC.
Summary, etc. Offers an introduction to residential sprinklers, and looks at their benefits. DG 519 Part 2 (E153003) discusses BS 9251 "Sprinkler Systems for Residential and Domestic Occupancies - Code of Practice".
521 ## - TARGET AUDIENCE NOTE
Target audience note Advanced
590 ## - LOCAL NOTE (RLIN)
Local note KA
651 #4 - SUBJECT ADDED ENTRY--GEOGRAPHIC NAME
Geographic name United Kingdom
Chronological subdivision
690 ## - LOCAL SUBJECT ADDED ENTRY--TOPICAL TERM (OCLC, RLIN)
Topical term or geographic name as entry element MANAGEMENT-HEALTH AND SAFETY-FIRE SAFETY
942 ## - ADDED ENTRY ELEMENTS (KOHA)
Suppress in OPAC 0
Holdings
Withdrawn status Lost status Source of classification or shelving scheme Damaged status Not for loan Home library Current library Shelving location Date acquired Total Checkouts Full call number Barcode Date last seen Copy number Price effective from Koha item type
    Dewey Decimal Classification     London London BRE publications 23/05/2011   BRE 30075085 06/08/2019 1 06/08/2019 Reference material